Quizzes
Events
Quiz Creation
Community
Videos
Private Events
Remove Ads
Sign In
Join for FREE
Feedback
Dark Mode
Quiz Categories
Sports
Geography
Music
Movies
Television
Just For Fun
Miscellaneous
History
Literature
Language
Science
Gaming
Entertainment
Religion
Holiday
For Kids
Quiz Lab
Recent
Popular Today
Quiz Kudos Today
Editor Picks
Curator Picks
Quizzes by...
Day
Popularity
Type
Ratings
Length
Year
Community
Subscriptions
Recent Discussions
Orange Saloon
Badges
Playlists
Quests
Create
Leaderboards
Showdown
Live 5
Trivia Bingo
Activity
Puzzle Library
Sporcle Events
Private Events
Virtual Trivia
Globe League
Become a Host
Pub Owners
SporcleCon
Opinionation
Our Games
Videos
Blog
Mobile Apps
Partnerships
Remove Ads and Go Orange
Feedback
Gaming
Video Games
Board Games
Card Games
Pokémon
Mario
Nintendo
Minecraft
Console
Toys
Legend of Zelda
Gaming
Video Games
Board Games
Card Games
Pokémon
Mario
Nintendo
Minecraft
Console
Toys
Legend of Zelda
Random Quiz
Search Sporcle
×
Quiz Lab
Quiz Lab
Gaming
Nintendo
Type in answers that appear in a list
Type in answers that appear in a list
Classic
Best Score? Go Orange.
Fire Emblem Heroes Sacred Stones Character Titles Stats
Can you name all the titles of the Sacred Stones characters in Fire Emblem Heroes?
By
Sky_Dragon_King
10m
77 Questions
47 Plays
47 Plays
47 Plays
Comments
Comments
Give Quiz Kudos
Give Quiz Kudos
-
- Ratings
hide this ad
Replay
Link that replays current quiz
Next Quiz
Link to next quiz in quiz playlist
You Got
0%
They Got
Avg Score
36%
Avg Friend Score
Upgrade to see
Score Distribution
Jump to the score distribution portion of the page
Score
0/77
Timer
10:00
0
Plays Today
Hint
Answer
% Correct
Fomortiis
Demon King
100%
Eirika
Restoration Lady
93.6%
Ephraim
Restoration Lord
93.6%
Lute
Prodigy
93.6%
Amelia
Rose of the War
91.5%
Marisa
Crimson Flash
91.5%
Duessel
Obsidian
90.5%
Selena
Fluorspar
90.5%
Valter
Dark Moonstone
89.4%
Lyon
Demon King
89.3%
Rennac
Rich 'Merchant'
88.9%
Riev
Blood Beryl
88.9%
Seth
Silver Knight
87.2%
Joshua
Tempest King
85.1%
Ross
His Father's Son
84.6%
L'Arachel
Princess of Light
80.9%
Orson
Passion's Folly
80%
Marisa
Crimson Rabbit
78.7%
Neimi
Tearful Archer
77.8%
Innes
Regal Strategician
76.6%
Myrrh
Great Dragon
76.6%
Myrrh
Spooky Monster
76.6%
Vigarde
Silent Emperor
75%
Caellach
Tiger Eye
71.4%
Eirika
Anamnesis Lady
70.2%
Innes
Flawless Form
70.2%
Tana
Noble and Nimble
70.2%
Gerik
Desert Tiger
69.2%
Eirika
Gentle as Snow
68.1%
Ephraim
Sparkling Gallantly
68.1%
Tana
Winged Princess
68.1%
Lyon
Shadow Prince
68.1%
Lyon
Dynastic Duo
66.7%
Lute
Summer Prodigy
64.3%
Ephraim
Legendary Lord
63.8%
Ephraim
Sacred Twin Lord
63.8%
Tana
Frelian Starlight
62.5%
L'Arachel
Seeker of Justice
62.5%
Lyon
Grado's Gaze
62.5%
Hint
Answer
% Correct
Innes
Frelian Moonlight
62.5%
Knoll
Darkness Watcher
61.9%
Selena
Sandbar Fluorspar
60.7%
Ephraim
Twin Refulgence
60%
Cormag
Aloof Lanceman
59%
Eirika
Graceful Resolve
57.4%
Natasha
Sacred Healer
57.1%
Eirika
Pledged Restorer
57.1%
Ewan
Eager Student
56.4%
Eirika
Twin Refulgence
56.3%
Ephraim
Dynastic Duo
53.8%
L'Arachel
Harvest Princess
53.7%
Saleh
Vernal Sage
52.9%
Artur
Silver Saint
50%
Lute
Gifted Students
50%
Gilliam
Wall of Silence
50%
Ephraim
Sunshine Valiant
50%
L'Arachel
Summer Princess
50%
Dozla
Harvest Attendant
48.8%
Tethys
Beloved Dancer
48.7%
Joshua
Tropical Gambler
42.9%
Myrrh
Spring Harmony
41.2%
Joshua
Resolute Tempest
33.3%
Eirika
Beach Restorer
28.6%
Tana
Soothing Warmth
28.6%
Colm
Capable Thief
22.2%
Myrrh
Guardian Dragon
14.3%
Lyon
Sunlit Prince
0%
Seth
Silver-Sea Knight
0%
Tana
Soaring Princess
0%
Vanessa
Dutiful Rider
0%
Syrene
Graceful Rider
0%
Ephraim
Ardent Prince
0%
Eirika
Esteemed Royals
0%
Lyon
Esteemed Royals
0%
Vigarde
Warmhearted Sire
0%
Selena
Admiring General
0%
Myrrh
Adored Dragon
0%
Quiz Playlist
Details
Report
Send in Message
Add To Playlist
Classic:
Type in answers that appear in a list
Last Updated: Jun 30, 2021
Quiz Scoreboard
CHALLENGE
Sign Up to Join the Scoreboard
Show All
Scores
Hide
Comments
May contain spoilers
Recently Published
1-10 Letter E Words III
by El_Dandy
Language
2m
One Thing in Common: World Cities II
by knightlancer
Geography
7m
Popular People in 1961
by mucciniale
History
6m
More to Explore
Quiz From the Vault
Featured Blog Post
Where Did the Easter Bunny Come From?
hide this ad
You Might Also Like...
Tags
Nintendo Quiz
Video Games Quiz
Character
emblem
fire
Fire Emblem
Fire Emblem Heroes
Here
Sacred
Sacred Stones
stone
Today's Top Quizzes in Gaming
Browse Gaming
hide this ad
Today's Top Quizzes in Nintendo
Browse Nintendo
Top Contributed Quizzes in Gaming
1
Destiny 2 exotic weapons by perk icons
2
Who's on the WWE 2K24 Cover?
3
Windmill: Pokémon
4
Genshin Impact Logic Puzzle
5
Overwatch 2: Ultimate Ability Icons
6
Overwatch 2 Heroes by Selection Quote
7
Genshin murder mystery
8
Legendary or Exotic?
9
Overwatch Logic Puzzle
10
Genshin Impact Logic Puzzle Quiz II
Explore More
Trending Topics
Disney
Harry Potter
Marvel
Anime
Crossword
Kpop
NBA
Soccer
Pokémon
Country
The Office
WWE
Puzzle
Song
NFL
hide this ad
More By:
Sky_Dragon_King
Quiz
Plays
Rating
Category
Featured
Created
Genshin Impact Silhouettes
7,331
5.00
Gaming
Jan 10, 2022
Fire Emblem Heroes Legendary and Mythic Heroes
4,448
5.00
Gaming
Nov 8, 2019
Fire Emblem Heroes characters with alts
3,295
5.00
Gaming
May 22, 2019
Smash Ultimate character crossword
2,548
4.50
Gaming
May 23, 2019
Fire Emblem Heroes Resplendent Heroes
1,927
5.00
Gaming
Apr 14, 2020
Go to Creator's Profile
Score Distribution
Quiz Creator Spotlight
Sky_Dragon_King
Follow
Send a Message
Quizzes Created
-
Created Quiz Play Count
-
More By This Creator
Popular Quizzes Today
1
Find the US States - No Outlines Minefield
2
The Countries of the World
3
Popular People in 1961
4
Find the Countries of Europe - No Outlines Minefield
5
1-10 Letter E Words III
6
Find the US States
7
One Thing in Common: World Cities II
8
US States
More Gaming Quizzes
Minesweeper 10x10 - Hard XXIII
Quiz Lab
Trending Quizzes
1-10 Letter F Words
1-10 Letter G Words
Risky Map Clicking: Next State Alphabetically
1-10 Letter F Words II
Risky Map Clicking: States by Unique Starting Letters
Recently Updated
Leaping Animals
pecheneg
Reality TV Shows (A-Z)
bhenderson79
Rickey Henderson's Hall of Fame Teammates
pecheneg
Champions League XIs: Arsenal
pecheneg
Quick Pick: Celebrities in WWE's Hall of Fame
aduchscher
A-Z Keypad Blitz II
pecheneg
Multiple Oscar Actors
pecheneg
Mystery Phrase Blitz: Oscar 'Best Actors'
pecheneg
F. Scott Fitzgerald Novels
LTH
Pick 3 Villains
ddd62291
Trending Topics
Kpop
Harry Potter
NBA
Disney
Anime
Marvel
Crossword
NFL
Song
WWE
Country
Pokémon
Soccer
Puzzle
The Office
Your Account Isn't Verified!
In order to create a playlist on Sporcle, you need to verify the email address you used during registration. Go to your
Sporcle Settings
to finish the process.
Report this User
Report this user for behavior that violates our
Community Guidelines
.
Details:
Send Report
Go to the Sporcle.com Mobile Site →
Comments